Visualizzazione normale
Vista MARC
- Comencini Luigi
di Personal Name
Records bibliografici associati: 1
001 - CONTROL NUMBER
- control field: 47604
003 - CONTROL NUMBER IDENTIFIER
- control field: IT-RoPau
005 - DATE AND TIME OF LATEST TRANSACTION
- control field: 20151201103758.0
008 - FIXED-LENGTH DATA ELEMENTS
- fixed length control field: 151201|| aca||aabn | a|a d
040 ## - CATALOGING SOURCE
- Original cataloging agency: IT-RoPau
- Transcribing agency: IT-RoPau
100 ## - HEADING--PERSONAL NAME
- Personal name: Comencini Luigi
- Relator term: (regista)
- Miscellaneous information: Codice regista SPICS: 7883
670 ## - SOURCE DATA FOUND
- Source citation: Work cat.: (IT-RoPau)106573: Comencini Luigi Codice regista SPICS: 7883 47600, PROIBITO RUBARE PROIBITO RUBARE (Rif. Codice opera principale : H8891)